A SCIENTIFIC journey through Borneo : Tawau Hills Park Sabah

Bibliographic Details
Corporate Author: Universiti Malaysia Sarawak
Other Authors: Ghazally Ismail , 1949-, Laily bin Din, Siraj Omar
Format: Book
Published: Petaling Jaya, Selangor : Pelanduk Pub. , 1995
Subjects:

MARC

LEADER 00000cam a2200000 7i4500
001 0000000768
005 20011022.0
020 0 0 |a 9679785408 
090 0 0 |a 915.9521   |b SCI 1995 
245 0 2 |a A SCIENTIFIC journey through Borneo :   |b Tawau Hills Park Sabah   |c edited by Ghazally Ismail, Siraj Omar, Laily bin Din 
260 0 0 |a Petaling Jaya, Selangor :   |b Pelanduk Pub. ,   |c 1995 
300 |a xi, 213 p. :   |b ill., maps ;   |c 23 cm. 
500 0 0 |a Includes bibliographical references 
650 0 0 |a Biology   |x Research   |z Sabah 
650 0 0 |a Botany   |x Research   |z Sabah 
650 0 0 |a Research parks   |z Sabah 
650 0 0 |a Zoology   |x Research   |z Sabah 
651 0 0 |a Tawau Hills Park (Sabah)   |x Discovery and exploration 
700 0 1 |a Ghazally Ismail ,   |c 1949- 
700 0 1 |a Laily bin Din 
700 0 1 |a Siraj Omar 
710 1 1 |a Universiti Malaysia Sarawak ,   |c Sabah Parks Trustees 
998 |a JPSM 
999 |a 0000000747   |b Monograph   |c Open Shelf   |e Default branch 
999 |a 0000000977   |b Monograph   |c Open Shelf   |e Default branch